00553nam a22001817a 450000500170000001000150001702000270003203500140005903700130007308200120008610000190009824501010011725000120021826000480023027000420027830000320032050000190035220170907155046.0 aENG-120107 c810.00a97800707077047 aEN-103639 bDBAD/PUB a620.192 aGhosh,Premamoy aPolymer science and technology :cby Hari Mohan Prasadbplastic, rubbers, blends and coposties / a3rd ed. aNew DelhibTata Mcgraw Hill Educationc2011 a7,West Patel NagarbNew Delhie110008 axiv,581p. :c25cm(Hb)bill. aIncludes index